| 000 | 00349 a2200157 4500 | ||
|---|---|---|---|
| 003 | Nust | ||
| 005 | 20230119184044.0 | ||
| 040 | _cNust | ||
| 082 | _a808.81,HEW | ||
| 100 |
_ahewlett,Maurice _9107174 |
||
| 245 |
_aOpen Country / _cMaurice Hewlett |
||
| 260 |
_aLondon _bMacmillan |
||
| 300 | _a256:p | ||
| 650 |
_aDrama _9107175 |
||
| 942 |
_2ddc _cBK |
||
| 999 |
_c186832 _d186832 |
||